| 000 | 00350nam a2200145Ia 4500 | ||
|---|---|---|---|
| 008 | 230312s9999||||xx |||||||||||||| ||und|| | ||
| 020 | _a9781484237892 | ||
| 082 |
_a006.31 _bMIC-A |
||
| 100 | _aWignall,Jeff | ||
| 245 | 0 | _aExposure : photo workshop | |
| 260 |
_bApress _c2018 |
||
| 300 | _a410 | ||
| 650 |
_aComputer _vElectronic books |
||
| 942 | _cBK | ||
| 999 |
_c17977 _d17977 |
||